Every Footballer with 150+ National Caps - Statistics

General Stats
  • This quiz has been taken 58 times
  • The average score is 7 of 44
Answer Stats
Nation Caps Player % Correct
Portugal 217 Cristiano Ronaldo
100%
Croatia 184 Luka Modrić
96%
Argentina 191 Lionel Messi
90%
Italy 176 Gianluigi Buffon
73%
Poland 151 Robert Lewandowski
71%
Spain 179 Sergio Ramos
61%
USA 158 Landon Donovan
57%
Uruguay 163 Diego Godin
37%
Germany 150 Lothar Matthäus
24%
Chile 167 Alexis Sánchez
18%
Chile 150 Claudio Bravo
10%
Egypt 177 Hossam Hassan
6%
Spain 166 Iker Casillas
6%
Belgium 156 Jan Vertonghen
6%
Egypt 184 Ahmed Hassan
4%
Mexico 180 Andrés Guardado
4%
Chile 161 Gary Medel
4%
Mexico 150 Guillermo Ochoa
4%
India 150 Sunil Chhetri
4%
UAE 161 Adnan at-Talyani
2%
Oman 183 Ahmed Mubarak
2%
Kuwait 196 Bader al-Mutawa
2%
Costa Rica 164 Celso Borges
2%
Mexico 178 Claudio Suárez
2%
USA 166 Cobi Jones
2%
Egypt 159 Essam El-Hadary
2%
Oman 151 Fawzi Bashir
2%
Qatar 183 Hassan al-Haydos
2%
Ecuador 171 Iván Hurtado
2%
Estonia 159 Konstantin Vassilijev
2%
Estonia 155 Martin Reim
2%
Honduras 175 Maynor Figueroa
2%
USA 150 Michael Bradley
2%
Bahrain 161 Mohamed Husain
2%
Saudi-Arabia 178 Mohammad ad-Da‘ayya
2%
Saudi-Arabia 163 Mohammed al-Khilaiwi
2%
Bahrain 161 Salman Isa
2%
Saudi-Arabia 152 Sami al-Dschabir
2%
Bahrain 159 Sayed Jaffer
2%
Malaysia 163 Shukor Salleh
2%
Malaysia 195 Soh Chin Ann
2%
Latvia 168 Vitālijs Astafjevs
2%
Japan 151 Yasuhito Endō
2%
Malawi 160 Young Chimodzi
2%
No matching quizzes found
Score Distribution
Percent of People with Each Score
Percentile by Number Answered
Your Score History
You have not taken this quiz